Die Schweiz in verschiedenen Sprachen - Statistiken

Allgemein
  • Dieses Quiz wurde 194 mal gespielt
  • Das Durchschnittsergebnis liegt bei 9 aus 14
Antwortstatistiken
Schweiz Sprache % Korrekt
Switzerland Englisch
96%
Швейца́рия Russisch / Bulgarisch
89%
Svizzera Italienisch
88%
Suisse Französisch
85%
سويسرا Arabisch
78%
Ελβετία Griechisch
71%
スイス Japanisch
70%
Zwitserland Niederländisch
67%
Suiza Spanisch
50%
Szwajcaria Polnisch
48%
Suíça Portugiesisch
40%
Helvētia Latein
37%
Sveitsi Finnisch
34%
Thụy sĩ Vietnamesisch
31%
Keine übereinstimmenden Quizze gefunden
Verteilung der Resultate
Anzahl Personen mit jedem Resultat
Perzentil nach korrekt beantworteten Fragen
Ihre Resultats-Entwicklung
Sie haben dieses Quiz noch nicht gespielt